Report of the training programme in crop physiology and latex harvest technology, 11 July-3 October 2011, Rubber Research Institute of India, Kottayam (Record no. 44845)

MARC details
000 -LEADER
fixed length control field 00421nam a2200109Ia 4500
082 ## - DEWEY DECIMAL CLASSIFICATION NUMBER
Classification number NR:633:581.1(047)
Item number RRI
245 #0 - TITLE STATEMENT
Title Report of the training programme in crop physiology and latex harvest technology, 11 July-3 October 2011, Rubber Research Institute of India, Kottayam
260 ## - PUBLICATION, DISTRIBUTION, ETC. (IMPRINT)
Place of publication Kottayam
Name of publisher Rubber Research Institute of India
Year of publication 2011
300 ## - PHYSICAL DESCRIPTION
Number of Pages 41p.
942 ## - ADDED ENTRY ELEMENTS (KOHA)
Koha item type Books
Holdings
Withdrawn status Lost status Damaged status Not for loan Home library Current library Date acquired Source of acquisition Full call number Accession Number Koha item type
        RRII Library RRII Library 16/12/2021 Gift NR:633:581.1(047) RRI G01589 Books